UM Logo

Labor management cooperation: (Record no. 2500)

MARC details
000 -LEADER
fixed length control field 00699nam a2200193 4500
008 - FIXED-LENGTH DATA ELEMENTS--GENERAL INFORMATION
fixed length control field 160516b xxu||||| |||| 00| 0 eng d
082 ## - DEWEY DECIMAL CLASSIFICATION NUMBER
Edition number 2003
Classification number DFil 331
Item number G9221
100 ## - MAIN ENTRY--PERSONAL NAME
9 (RLIN) 8270
Personal name Gatchalian, Jose C.
245 ## - TITLE STATEMENT
Title Labor management cooperation:
Remainder of title (LMCs in the new millennium)/
Statement of responsibility, etc. Jose C. Gatchalian and Miflora M. Gatchalian.
250 ## - EDITION STATEMENT
Edition statement Third Revised Edition
260 ## - PUBLICATION, DISTRIBUTION, ETC. (IMPRINT)
Place of publication, distribution, etc. Quezon City:
Name of publisher, distributor, etc. Quality Partners Company, Ltd.,
Date of publication, distribution, etc. c2003.
300 ## - PHYSICAL DESCRIPTION
Extent various paging:
Other physical details illustartions;
Dimensions 24 cm.
500 ## - GENERAL NOTE
General note Includes indexes.
650 #0 - SUBJECT ADDED ENTRY--TOPICAL TERM
9 (RLIN) 8273
Topical term or geographic name as entry element Labor-management
650 #0 - SUBJECT ADDED ENTRY--TOPICAL TERM
9 (RLIN) 8275
Topical term or geographic name as entry element Industrial relations
700 ## - ADDED ENTRY--PERSONAL NAME
9 (RLIN) 8274
Personal name Gatchalian, Miflora M.
Relator term Author
365 ## - TRADE PRICE
Price amount 612.00
Currency code Php
942 ## - ADDED ENTRY ELEMENTS (KOHA)
Source of classification or shelving scheme Dewey Decimal Classification
Koha item type Filipiniana
Holdings
Withdrawn status Lost status Source of classification or shelving scheme Damaged status Not for loan Collection code Home library Current library Shelving location Date acquired Source of acquisition Total Checkouts Full call number Barcode Date last seen Date last checked out Price effective from Koha item type
    Dewey Decimal Classification     Filipiniana UM Digos College - LIC UM Digos College - LIC Book Cart 09/07/2004 Purchased 1 DFil 331 G9221 2003 17720 05/15/2025 09/10/2018 05/16/2016 Filipiniana